000 00548nmm a2200169Ia 4500
008 251105s9999||||xx |||||||||||||||||und||
020 _a9788437075891
041 _aspa
100 _aRueda Segado, Maria Pilar
245 0 _aCurso básico de matemáticas para universitarios
264 _a[Madrid, España] :
_bPublicaciones de la Universidad de Valencia (PUV),
_c2009
300 _a110 páginas
490 _aEducació. Laboratori de materials
650 _aSciences
856 _uhttps://public.digitaliapublishing.com/a/35199
942 _cCF
999 _c82487
_d82487